Markets (Record no. 82047)

MARC details
000 -LEADER
fixed length control field 00952cam a22002055a 4500
001 - CONTROL NUMBER
control field L149098
008 - FIXED-LENGTH DATA ELEMENTS--GENERAL INFORMATION
fixed length control field 100111e2009 xxk 000 0 eng d
035 ## - SYSTEM CONTROL NUMBER
System control number (Sirsi) u149098
041 0# - LANGUAGE CODE
Language code of text/sound track or separate title eng
100 1# - MAIN ENTRY--PERSONAL NAME
Personal name Sandher, Hardeep
245 00 - TITLE STATEMENT
Title Markets
Remainder of title Yorkshire and north Lincs
260 ## - PUBLICATION, DISTRIBUTION, ETC.
Date of publication, distribution, etc. 2009
490 #0 - SERIES STATEMENT
Series statement Property Week
Volume/sequential designation 75(48) 27 November 2009, 45-52(5)
520 ## - SUMMARY, ETC.
Summary, etc. Land Securities becomes sole player in Trinity Leeds, the city's biggest retail development to date. Leeds plans trolleybus network to go where notorious 'supertram' scheme failed. Legal and General Property has started its mixed use scheme next to Wakefield's Westgate station which it might move to free-up land for a new city-centre hotel. Isis Waterside Regeneration's Leeds flats development is now complete.
590 ## - LOCAL NOTE (RLIN)
Local note KA
651 #4 - SUBJECT ADDED ENTRY--GEOGRAPHIC NAME
Geographic name Yorkshire
Chronological subdivision 1888-
651 #4 - SUBJECT ADDED ENTRY--GEOGRAPHIC NAME
Geographic name Lincolnshire
690 ## - LOCAL SUBJECT ADDED ENTRY--TOPICAL TERM (OCLC, RLIN)
Topical term or geographic name as entry element PROPERTY-COMMERCIAL PROPERTY-COMMERCIAL PROPERTY MARKET
942 ## - ADDED ENTRY ELEMENTS (KOHA)
Suppress in OPAC 0
Holdings
Withdrawn status Lost status Source of classification or shelving scheme Damaged status Not for loan Home library Current library Shelving location Date acquired Total Checkouts Full call number Barcode Date last seen Copy number Price effective from Koha item type
    Dewey Decimal Classification     London London Journal article 11/01/2010   L149098 149098-1001 06/08/2019 1 06/08/2019 Journal article